000 00774nam a22002297a 4500
003 UA-OsUOA
001 33929
007 ta
008 20050919b un ||||| |||| 00| 0 ukr d
090 _a94(477).152
_bБ87
942 _cBK
040 _aUA-OsUOA
_bukr
_cUA-OsUOA
_dUA-OsUOA
245 _aБрехнею світ пройдеш - назад не повернешся (Фундація Українознавчих студій в Австралії.
_cУпорядник Гоян М., ред. Загрядіна Т.
300 _a264 с.
955 _a2
041 _aukr
080 _a94(477).152
020 _a966-581-271-8
260 _aК.
_bАделаїда
_c2004
650 7 _a9 Географія. Біографії. Історія
_2UDC
999 _c320334
_d320334